[Event "Amsterdam op 1st"]
[Site "Amsterdam"]
[Date "2023.10.29"]
[Round "6"]
[White "Saine, Zachary"]
[Black "Hummel, Paul"]
[Result "1/2-1/2"]
[WhiteElo "1876"]
[BlackElo "2187"]
[PlyCount "75"]
[EventDate "2023.10.27"]
[EventType "swiss"]
[EventRounds "6"]
[EventCountry "NED"]
[SourceTitle "Mega2024 Update 01"]
[Source "Chessbase"]
[SourceDate "2023.11.12"]
[SourceVersion "1"]
[SourceVersionDate "2023.11.12"]
[SourceQuality "1"]

1. e4 c6 2. d4 d5 3. Nc3 dxe4 4. Nxe4 Nf6 5. Nxf6+ exf6 6. Bf4 Bd6 7. Bxd6 Qxd6 8. c3 0-0 9. Nf3 Re8+ 10. Be2 Bg4 11. 0-0 Nd7 12. h3 Bh5 13. Qd2 Nf8 14. Rfe1 Rad8 15. Rad1 Re7 16. Nh4 Rxe2 17. Rxe2 Bxe2 18. Qxe2 Qe6 19. Qxe6 fxe6 20. f4 c5 21. Nf3 Ng6 22. g3 h5 23. Kf2 Kf7 24. Ke3 Ne7 25. Ke2 c4 26. Nd2 b5 27. a4 a6 28. axb5 axb5 29. Ra1 Nd5 30. Ra7+ Kg6 31. Rb7 b4 32. cxb4 c3 33. bxc3 Nxc3+ 34. Kd3 Nd5 35. Ke4 Nc3+ 36. Kd3 Nd5 37. Ke4 Nc3+ 38. Kd3 1/2-1/2

[Event "Groningen Combinatie op"]
[Site "Groningen"]
[Date "2023.05.20"]
[Round "4"]
[White "Aden, Tammo"]
[Black "Hummel, Paul"]
[Result "0-1"]
[WhiteElo "1998"]
[BlackElo "2152"]
[PlyCount "104"]
[EventDate "2023.05.18"]
[EventType "swiss"]
[EventRounds "7"]
[EventCountry "NED"]
[SourceTitle "CBM 214 Extra"]
[Source "ChessBase"]
[SourceDate "2023.07.31"]
[SourceVersion "1"]
[SourceVersionDate "2023.07.31"]
[SourceQuality "1"]

1. d4 Nf6 2. Nf3 e6 3. c4 b6 4. g3 Bb7 5. Bg2 Be7 6. 0-0 0-0 7. Nc3 Ne4 8. Qc2 Nxc3 9. bxc3 f5 10. d5 Qc8 11. Nd4 c5 12. Nb3 e5 13. f4 e4 14. g4 g6 15. g5 Na6 16. Be3 Nc7 17. h4 Ne8 18. h5 Nd6 19. Nd2 gxh5 20. Kf2 h6 21. Rh1 Qe8 22. gxh6 Kh8 23. Rag1 Rg8 24. h7 Rg4 25. Bh3 Rxg1 26. Rxg1 Qf7 27. Rg2 Qxh7 28. Qd1 Rg8 29. Qg1 Rxg2+ 30. Qxg2 Qg7 31. Qxg7+ Kxg7 32. Kg3 h4+ 33. Kg2 Bf6 34. Bf2 Bxc3 35. Nf1 Bf6 36. Ne3 Kg6 37. Kf1 Bd4 38. Ng2 Bxf2 39. Kxf2 Ba6 40. Ne3 Kf6 41. a4 Bxc4 42. Bxf5 Nxf5 43. Nxc4 h3 44. Ne5 Nd6 45. Nxd7+ Kf5 46. Kg3 c4 47. Nb8 h2 48. Kxh2 Kxf4 49. Nc6 c3 50. Nd4 Ke3 51. Nb5 Nxb5 52. axb5 c2 0-1

[Event "Groningen Combinatie op"]
[Site "Groningen"]
[Date "2023.05.20"]
[Round "5"]
[White "Hummel, Paul"]
[Black "De Boer, Eelke"]
[Result "1-0"]
[WhiteElo "2152"]
[BlackElo "2293"]
[PlyCount "87"]
[EventDate "2023.05.18"]
[EventType "swiss"]
[EventRounds "7"]
[EventCountry "NED"]
[SourceTitle "CBM 214 Extra"]
[Source "ChessBase"]
[SourceDate "2023.07.31"]
[SourceVersion "1"]
[SourceVersionDate "2023.07.31"]
[SourceQuality "1"]

1. d4 Nf6 2. Nf3 g6 3. c4 Bg7 4. g3 0-0 5. Bg2 d6 6. 0-0 Nc6 7. Nc3 e5 8. d5 Nb8 9. Ne1 a5 10. Nd3 Na6 11. e4 Nd7 12. Be3 f5 13. Qd2 b6 14. f4 exf4 15. Bxf4 Ndc5 16. Bg5 Qe8 17. Nxc5 Nxc5 18. exf5 Rxf5 19. Rxf5 Bxf5 20. Re1 Qf8 21. Nb5 h6 22. Be3 Rc8 23. Bd4 Bd7 24. Bxg7 Qxg7 25. Nd4 Re8 26. Rxe8+ Bxe8 27. Bh3 Qe5 28. Be6+ Kg7 29. b3 Ne4 30. Qe3 Ng5 31. Kf2 Ne4+ 32. Kf3 Nc5 33. a3 Kf6 34. Bc8 h5 35. h4 Nd7 36. Ne6 Qf5+ 37. Qf4 Ne5+ 38. Ke3 c5 39. Nc7 Ng4+ 40. Qxg4 Qe5+ 41. Qe4 Qc3+ 42. Kf2 Qd2+ 43. Qe2 Qd4+ 44. Kg2 1-0

[Event "Hoogeveen op 25th"]
[Site "Hoogeveen"]
[Date "2022.10.20"]
[Round "7"]
[White "Goeke, Bernd"]
[Black "Hummel, Paul"]
[Result "1/2-1/2"]
[WhiteElo "1957"]
[BlackElo "2120"]
[PlyCount "113"]
[EventDate "2022.10.15"]
[EventType "swiss"]
[EventRounds "9"]
[EventCountry "NED"]
[SourceTitle "CBM 210 Extra"]
[Source "ChessBase"]
[SourceDate "2022.11.30"]
[SourceVersion "1"]
[SourceVersionDate "2022.11.30"]
[SourceQuality "1"]

1. Nf3 c5 2. c4 Nc6 3. d4 cxd4 4. Nxd4 e6 5. g3 Bb4+ 6. Bd2 Qb6 7. Nb3 Ne5 8. Bxb4 Qxb4+ 9. Qd2 Qxc4 10. Bg2 d5 11. Na3 Qc7 12. Rc1 Nc6 13. Nb5 Qb8 14. Qg5 g6 15. e4 Nge7 16. exd5 exd5 17. 0-0 0-0 18. Rfe1 Be6 19. N3d4 Nxd4 20. Nxd4 Qd6 21. Qf6 Rad8 22. Nxe6 fxe6 23. Qxe6+ Qxe6 24. Rxe6 Nc6 25. Rd1 Rf5 26. Bh3 Rh5 27. Bg4 Rg5 28. h3 Kf7 29. Re2 Re5 30. Red2 h5 31. Bf3 Ne7 32. Bg2 g5 33. f4 gxf4 34. gxf4 Rf5 35. Rd4 Ke6 36. h4 Kd6 37. Bh3 Rf6 38. Bg2 Kc7 39. Bf3 Rf5 40. Kf2 Rd6 41. Rg1 Nc6 42. Rg7+ Kb6 43. Rd3 Rxf4 44. Kg3 Rb4 45. Rxd5 Rxd5 46. Bxd5 Rxb2 47. Rh7 Rd2 48. Rxh5 a5 49. Bc4 Rd4 50. Rb5+ Kc7 51. Bd5 b6 52. Bxc6 Kxc6 53. Rb2 Rd3+ 54. Kg4 Rd4+ 55. Kg5 Rd5+ 56. Kg6 Rd6+ 57. Kg5 1/2-1/2

[Event "Hoogeveen op 25th"]
[Site "Hoogeveen"]
[Date "2022.10.17"]
[Round "3"]
[White "Maatman, Nick"]
[Black "Hummel, Paul"]
[Result "0-1"]
[WhiteElo "2341"]
[BlackElo "2120"]
[PlyCount "118"]
[EventDate "2022.10.15"]
[EventType "swiss"]
[EventRounds "9"]
[EventCountry "NED"]
[SourceTitle "CBM 210 Extra"]
[Source "ChessBase"]
[SourceDate "2022.11.30"]
[SourceVersion "1"]
[SourceVersionDate "2022.11.30"]
[SourceQuality "1"]

1. d4 Nf6 2. c4 e6 3. Nf3 b6 4. a3 Bb7 5. Nc3 d5 6. Bg5 Be7 7. Bxf6 Bxf6 8. cxd5 exd5 9. Qa4+ c6 10. e4 dxe4 11. Nxe4 0-0 12. Bd3 c5 13. 0-0 Bxd4 14. Nxd4 Qxd4 15. Qxd4 cxd4 16. Nd6 Bd5 17. Nf5 Nc6 18. Bb5 Kh8 19. Rfd1 g6 20. Nxd4 Rac8 21. Ba6 Rcd8 22. Rac1 Nxd4 23. Rxd4 Bb3 24. Rb4 Be6 25. h4 Rfe8 26. Rc7 Rd7 27. Rxd7 Bxd7 28. Rc4 Re1+ 29. Kh2 Rb1 30. Rc2 Be6 31. Kg3 Kg7 32. Kf4 h6 33. g3 Kf6 34. Ke3 g5 35. hxg5+ hxg5 36. Bd3 Re1+ 37. Kd2 Re5 38. Rc7 Rd5 39. Ke3 Rd7 40. Rxd7 Bxd7 41. Kd4 Bc6 42. b4 Ke7 43. Be4 Bxe4 44. Kxe4 Ke6 45. b5 f5+ 46. Kd4 g4 47. Ke3 Ke5 48. f3 gxf3 49. Kxf3 Ke6 50. Kf4 Kf6 51. a4 Ke6 52. Kg5 Ke5 53. Kg6 f4 54. gxf4+ Kxf4 55. Kf6 Ke4 56. Ke6 Kd4 57. Kf5 Kc4 58. a5 bxa5 59. Ke4 a4 0-1

[Event "Groninger Combinatie op"]
[Site "Groningen"]
[Date "2022.05.29"]
[Round "6"]
[White "Bruil, Rembrandt"]
[Black "Hummel, Paul"]
[Result "1/2-1/2"]
[WhiteElo "2122"]
[BlackElo "2117"]
[PlyCount "77"]
[EventDate "2022.05.26"]
[EventType "swiss"]
[EventRounds "7"]
[EventCountry "NED"]
[SourceTitle "CBM 208 Extra"]
[Source "ChessBase"]
[SourceDate "2022.07.31"]
[SourceVersion "1"]
[SourceVersionDate "2022.07.31"]
[SourceQuality "1"]

1. d4 Nf6 2. c4 e6 3. Nf3 b6 4. a3 Bb7 5. Nc3 Be7 6. d5 0-0 7. e4 exd5 8. exd5 Re8 9. Be2 d6 10. 0-0 Nbd7 11. Nd4 Bf8 12. Bg5 g6 13. Qd2 Bg7 14. Rae1 a6 15. Qf4 Qe7 16. Nf3 Qf8 17. Qd2 Nc5 18. Be3 Nfe4 19. Nxe4 Nxe4 20. Qc2 Re7 21. Bd3 Rae8 22. Re2 Nc5 23. Rfe1 Bf6 24. Bd4 Rxe2 25. Rxe2 Rxe2 26. Qxe2 Bxd4 27. Nxd4 Nxd3 28. Qxd3 Qe7 29. Qe3 Qxe3 30. fxe3 Kg7 31. Kf2 Bc8 32. e4 Bd7 33. Ke3 Kf6 34. Nc2 Kg5 35. Nb4 Bc8 36. Kd4 h5 37. Nd3 h4 38. Ke3 Bd7 39. Nb4 1/2-1/2

[Event "Groninger Combinatie op"]
[Site "Groningen"]
[Date "2022.05.27"]
[Round "2"]
[White "Hummel, Paul"]
[Black "Maatman, Nick"]
[Result "0-1"]
[WhiteElo "2117"]
[BlackElo "2363"]
[PlyCount "88"]
[EventDate "2022.05.26"]
[EventType "swiss"]
[EventRounds "7"]
[EventCountry "NED"]
[SourceTitle "CBM 208 Extra"]
[Source "ChessBase"]
[SourceDate "2022.07.31"]
[SourceVersion "1"]
[SourceVersionDate "2022.07.31"]
[SourceQuality "1"]

1. d4 d5 2. c4 e6 3. Nf3 Nf6 4. cxd5 exd5 5. Bf4 Bb4+ 6. Nbd2 0-0 7. Qc2 c6 8. a3 Be7 9. h3 Re8 10. e3 Nbd7 11. Bd3 c5 12. 0-0 b6 13. Ne5 Bb7 14. Bb5 a6 15. Nc6 Qc8 16. Nxe7+ Rxe7 17. Bd3 c4 18. Be2 b5 19. Bf3 Bc6 20. Rfe1 Qb7 21. g4 Ne4 22. Bg2 Nxd2 23. Qxd2 a5 24. h4 Ree8 25. Rad1 b4 26. axb4 axb4 27. Bd6 b3 28. g5 Nb6 29. Bb4 Ra2 30. Ra1 Rea8 31. Rxa2 bxa2 32. Ra1 Qd7 33. Ba5 Qf5 34. e4 dxe4 35. Bxb6 e3 36. Qe1 Qg4 37. f3 Bxf3 38. Qf1 Bd5 39. Bc5 e2 40. Qf2 Bxg2 41. Qxg2 Qxg2+ 42. Kxg2 e1Q 43. Rxe1 a1Q 44. Rxa1 Rxa1 0-1

[Event "NED-chT 2122"]
[Site "Netherlands"]
[Date "2022.05.21"]
[Round "5.5"]
[White "Hummel, Paul"]
[Black "Hausrath, Daniel"]
[Result "0-1"]
[WhiteElo "2113"]
[BlackElo "2467"]
[PlyCount "70"]
[EventDate "2021.09.18"]
[EventType "team-tourn"]
[EventRounds "9"]
[EventCountry "NED"]
[SourceTitle "EXT 2023"]
[Source "ChessBase"]
[SourceDate "2022.10.05"]
[SourceVersion "1"]
[SourceVersionDate "2022.10.05"]
[SourceQuality "1"]
[WhiteTeam "Caissa"]
[BlackTeam "Zuid Limburg"]
[WhiteTeamCountry "NED"]
[BlackTeamCountry "NED"]

1. d4 Nf6 2. Nf3 g6 3. c4 Bg7 4. g3 0-0 5. Bg2 d6 6. 0-0 c6 7. Nc3 Qa5 8. d5 cxd5 9. Nxd5 Nxd5 10. cxd5 Na6 11. Nd4 Qb4 12. e3 Bd7 13. a3 Qb6 14. b4 Nc7 15. Bb2 a5 16. Qd2 axb4 17. axb4 Rfc8 18. Rfc1 h5 19. h4 Rxa1 20. Bxa1 Ra8 21. Bc3 Ra4 22. Rb1 Ne8 23. Ne2 Bxc3 24. Qxc3 Nf6 25. Nd4 Ra2 26. Rc1 Kg7 27. Bf3 Qa6 28. Qc7 Qa3 29. Qc3 Qb2 30. Qe1 Ra4 31. Rb1 Qa2 32. e4 Qc4 33. Qd2 Ra2 34. Rc1 Rxd2 35. Rxc4 b5 0-1

[Event "NED-chT 2122"]
[Site "Netherlands"]
[Date "2021.10.09"]
[Round "2.6"]
[White "Rijnaarts, Sjef"]
[Black "Hummel, Paul"]
[Result "1/2-1/2"]
[WhiteElo "2343"]
[BlackElo "2113"]
[PlyCount "123"]
[EventDate "2021.09.18"]
[EventType "team-tourn"]
[EventRounds "9"]
[EventCountry "NED"]
[SourceTitle "EXT 2023"]
[Source "ChessBase"]
[SourceDate "2022.10.05"]
[SourceVersion "1"]
[SourceVersionDate "2022.10.05"]
[SourceQuality "1"]
[WhiteTeam "Apeldoorn Amevo"]
[BlackTeam "Caissa"]
[WhiteTeamCountry "NED"]
[BlackTeamCountry "NED"]

1. e4 g6 2. d4 Bg7 3. Nf3 d6 4. Bc4 e6 5. Bb3 Ne7 6. 0-0 0-0 7. c3 b6 8. Re1 Bb7 9. Nbd2 c5 10. dxc5 bxc5 11. Nc4 d5 12. exd5 exd5 13. Na5 Qxa5 14. Rxe7 Qb6 15. Bxd5 Nc6 16. Re1 Rad8 17. Qb3 Rxd5 18. Qxd5 Nd4 19. Qc4 Nc2 20. Be3 Nxe1 21. Rxe1 Bxf3 22. Bxc5 Rc8 23. Bxb6 Rxc4 24. Re8+ Bf8 25. Bxa7 Bc6 26. Rd8 f6 27. Bd4 Be4 28. Bxf6 Kf7 29. Bd4 Be7 30. Rd7 Ke6 31. Ra7 Rc8 32. f3 Bc6 33. Kf2 h5 34. Ra6 Bd6 35. g3 Kd7 36. b4 Bb5 37. Ra5 Bc4 38. a4 Re8 39. Be3 h4 40. gxh4 Rh8 41. Ra7+ Ke6 42. Kg2 Rxh4 43. h3 Be5 44. b5 Bb3 45. f4 Bxf4 46. Bxf4 Rxf4 47. b6 Bd5+ 48. Kg1 Rc4 49. b7 Bxb7 50. Rxb7 Rxc3 51. Rb6+ Kf5 52. Kg2 Rc2+ 53. Kf1 Ra2 54. Rb4 g5 55. Ke1 Rh2 56. Rb3 Ra2 57. Rb5+ Kf4 58. a5 Ra3 59. Rb4+ Ke3 60. Kf1 Kf3 61. Kg1 Rxa5 62. Rb3+ 1/2-1/2

[Event "Utrecht OKU op 44th"]
[Site "Utrecht"]
[Date "2017.06.11"]
[Round "6"]
[White "Leentjens, Gilbert"]
[Black "Hummel, Paul"]
[Result "1-0"]
[WhiteElo "1823"]
[BlackElo "2091"]
[PlyCount "43"]
[EventDate "2017.06.09"]
[EventType "swiss"]
[EventRounds "6"]
[EventCountry "NED"]
[SourceTitle "CBM 178 Extra"]
[Source "ChessBase"]
[SourceDate "2017.06.22"]
[SourceVersion "1"]
[SourceVersionDate "2017.06.22"]
[SourceQuality "1"]

1. e4 g6 2. Nc3 Bg7 3. f4 d6 4. Nf3 Nd7 5. Bc4 e6 6. 0-0 a6 7. a4 Ne7 8. d3 b6 9. Qe1 0-0 10. f5 exf5 11. Qh4 Bf6 12. Ng5 h5 13. exf5 Kg7 14. Nd5 Nxd5 15. Bxd5 Rb8 16. fxg6 Ne5 17. gxf7 c6 18. Qg3 Ng6 19. Be6 h4 20. Qg4 Ne5 21. Qf5 Rh8 22. Bxc8 1-0

[Event "Groningen op 52nd"]
[Site "Groningen"]
[Date "2014.12.30"]
[Round "9"]
[White "Maris, Ivo"]
[Black "Hummel, Paul"]
[Result "1/2-1/2"]
[WhiteElo "2232"]
[BlackElo "2049"]
[PlyCount "103"]
[EventDate "2014.12.21"]
[EventType "swiss"]
[EventRounds "9"]
[EventCountry "NED"]
[SourceTitle "EXT 2016"]
[Source "ChessBase"]
[SourceDate "2015.10.08"]
[SourceVersion "1"]
[SourceVersionDate "2015.10.08"]
[SourceQuality "1"]

1. Nf3 g6 2. e4 Bg7 3. d4 d6 4. c4 Bg4 5. Be2 Nc6 6. Be3 Bxf3 7. Bxf3 e5 8. d5 Nd4 9. Nc3 Ne7 10. 0-0 0-0 11. Be2 f5 12. f3 c5 13. dxc6 bxc6 14. b4 Rc8 15. Bd3 d5 16. c5 Qd7 17. Rc1 dxe4 18. fxe4 f4 19. Bf2 Rcd8 20. b5 f3 21. bxc6 Qg4 22. Bg3 Nexc6 23. gxf3 Nxf3+ 24. Kh1 h5 25. Nd5 Bh6 26. Rb1 Rf7 27. Qe2 Ncd4 28. Qg2 Rdf8 29. Be1 Bf4 30. h3 Qxg2+ 31. Kxg2 Nxe1+ 32. Rbxe1 h4 33. Nxf4 Rxf4 34. Rxf4 Rxf4 35. Be2 Nxe2 36. Rxe2 Kf7 37. c6 Ke7 38. Rd2 Rxe4 39. Rd7+ Ke6 40. Rxa7 Rc4 41. c7 e4 42. Kf2 Rc3 43. Ke2 Kd7 44. Ra6 Kxc7 45. Rxg6 Rxh3 46. Rg4 Rh2+ 47. Ke3 Rxa2 48. Rxh4 Ra3+ 49. Ke2 e3 50. Re4 Kc8 51. Rxe3 Rxe3+ 52. Kxe3 1/2-1/2

[Event "Groningen op 52nd"]
[Site "Groningen"]
[Date "2014.12.26"]
[Round "5"]
[White "Afek, Yochanan"]
[Black "Hummel, Paul"]
[Result "1-0"]
[WhiteElo "2285"]
[BlackElo "2049"]
[PlyCount "43"]
[EventDate "2014.12.21"]
[EventType "swiss"]
[EventRounds "9"]
[EventCountry "NED"]
[SourceTitle "CBM 164 Extra"]
[Source "ChessBase"]
[SourceDate "2015.03.02"]
[SourceVersion "1"]
[SourceVersionDate "2015.03.02"]
[SourceQuality "1"]

1. e4 g6 2. d4 Bg7 3. Nc3 d6 4. Be3 a6 5. g3 b5 6. Bg2 Bb7 7. a3 Nd7 8. Nge2 Ngf6 9. 0-0 0-0 10. e5 Bxg2 11. exf6 Bxf1 12. fxg7 Kxg7 13. Qxf1 c5 14. dxc5 Nxc5 15. Qh3 h5 16. Rd1 Rc8 17. Nf4 Na4 18. Bd4+ Kg8 19. Nxa4 bxa4 20. Bc3 e6 21. Nxe6 Qd7 22. Nf4 1-0

[Event "Groningen op 52nd"]
[Site "Groningen"]
[Date "2014.12.24"]
[Round "4"]
[White "Hummel, Paul"]
[Black "Hulshof, Peter"]
[Result "1-0"]
[WhiteElo "2049"]
[BlackElo "2178"]
[PlyCount "97"]
[EventDate "2014.12.21"]
[EventType "swiss"]
[EventRounds "9"]
[EventCountry "NED"]
[SourceTitle "CBM 164 Extra"]
[Source "ChessBase"]
[SourceDate "2015.03.02"]
[SourceVersion "1"]
[SourceVersionDate "2015.03.02"]
[SourceQuality "1"]

1. d4 g6 2. c4 Bg7 3. Nf3 d6 4. e4 c6 5. Nc3 Bg4 6. Be2 Bxf3 7. Bxf3 Qb6 8. Be3 Qxb2 9. Rc1 Qb6 10. Qd2 Qc7 11. g4 Nd7 12. Be2 h6 13. f4 Rd8 14. 0-0 Ngf6 15. e5 dxe5 16. fxe5 Nxe5 17. Bf4 Ng8 18. Qe3 Nxg4 19. Qg3 Bxd4+ 20. Kh1 Ne5 21. Rcd1 Bxc3 22. Rxd8+ Qxd8 23. Qxc3 f6 24. Bxe5 Kf8 25. Rd1 Qc8 26. Bg3 Kg7 27. Qe3 h5 28. c5 h4 29. Bf2 Qc7 30. Bc4 Nh6 31. Be6 Rd8 32. Rxd8 Qxd8 33. Bxh4 Qd1+ 34. Kg2 Qc2+ 35. Bf2 Qb2 36. Qd4 Qb1 37. Qe3 Qb2 38. h4 Qb1 39. Qf4 b6 40. Be3 Nf7 41. Bxf7 Kxf7 42. Qc4+ e6 43. Qa4 Kg8 44. cxb6 axb6 45. Qa8+ Kf7 46. Qb7+ Kg8 47. Qc8+ Kg7 48. Qd7+ Kh8 49. Qe8+ 1-0

[Event "Groningen op 52nd"]
[Site "Groningen"]
[Date "2014.12.21"]
[Round "1"]
[White "Kolbus, Dietmar"]
[Black "Hummel, Paul"]
[Result "1-0"]
[WhiteElo "2317"]
[BlackElo "2049"]
[PlyCount "125"]
[EventDate "2014.12.21"]
[EventType "swiss"]
[EventRounds "9"]
[EventCountry "NED"]
[SourceTitle "CBM 164 Extra"]
[Source "ChessBase"]
[SourceDate "2015.03.02"]
[SourceVersion "1"]
[SourceVersionDate "2015.03.02"]
[SourceQuality "1"]

1. c4 g6 2. e4 Bg7 3. d4 d6 4. Nc3 c5 5. d5 e5 6. Bd3 Ne7 7. f4 0-0 8. fxe5 Bxe5 9. Nf3 Bg4 10. 0-0 f5 11. Bg5 f4 12. Qd2 Bxf3 13. Rxf3 Nd7 14. Ne2 Rf7 15. Raf1 Qb6 16. b3 Qb4 17. Qc1 Raf8 18. Kh1 a5 19. Nxf4 Bxf4 20. Bxf4 Ne5 21. Bxe5 Rxf3 22. gxf3 dxe5 23. Qb2 g5 24. Qxe5 Ng6 25. Qxg5 Qc3 26. Be2 Qb2 27. Bd1 Kh8 28. Qg2 Qe5 29. Rg1 Rf4 30. Qg5 Qd4 31. Qd8+ Rf8 32. Qxa5 Nf4 33. Bc2 Nh3 34. Rg3 Qa1+ 35. Kg2 Nf4+ 36. Kf2 Qd4+ 37. Kf1 Nh5 38. Ke2 Nf4+ 39. Ke1 Nh5 40. Qd2 Qa1+ 41. Kf2 Nxg3 42. hxg3 Qf6 43. Qe3 Qb2 44. Qd3 Qe5 45. f4 Qh5 46. Qc3+ Kg8 47. Qf3 Qh2+ 48. Qg2 Qh6 49. e5 b5 50. cxb5 c4 51. bxc4 Qb6+ 52. Ke2 Rc8 53. Qe4 Qh6 54. Qxh7+ Qxh7 55. Bxh7+ Kxh7 56. Kd3 Kg6 57. g4 Ra8 58. d6 Rxa2 59. Ke4 Kf7 60. c5 Ra5 61. c6 Rxb5 62. c7 Rc5 63. d7 1-0

[Event "Hoogeveen Unive op 18th"]
[Site "Hoogeveen"]
[Date "2014.10.14"]
[Round "4"]
[White "Hendriks, Richard V"]
[Black "Hummel, Paul"]
[Result "0-1"]
[WhiteElo "2110"]
[BlackElo "2027"]
[PlyCount "134"]
[EventDate "2014.10.11"]
[EventType "swiss"]
[EventRounds "9"]
[EventCountry "NED"]
[SourceTitle "EXT 2015"]
[Source "ChessBase"]
[SourceDate "2014.11.20"]
[SourceVersion "1"]
[SourceVersionDate "2014.11.20"]
[SourceQuality "1"]

1. e4 c5 2. Nf3 Nc6 3. b3 e5 4. Bb2 d6 5. Bb5 Nge7 6. a4 g6 7. 0-0 Bg7 8. h3 0-0 9. Nc3 h6 10. Bc4 Kh7 11. Nd5 f5 12. exf5 Nxf5 13. Nh2 b6 14. Ng4 a6 15. Nge3 Rb8 16. Nxf5 gxf5 17. Qh5 b5 18. axb5 axb5 19. Bd3 c4 20. Be2 Be6 21. Ne3 f4 22. Nd1 d5 23. Bg4 Bf7 24. Bf5+ Kg8 25. Bg6 Bxg6 26. Qxg6 Rf6 27. Qh5 Qd7 28. Re1 Rf5 29. Qg4 h5 30. Qe2 f3 31. gxf3 Rbf8 32. f4 Rxf4 33. Qxh5 Rf3 34. Re3 R3f5 35. Qe2 Rg5+ 36. Kh2 Nd4 37. Bxd4 exd4 38. Re7 Qd6+ 39. Kh1 Qh6 40. Qe6+ Qxe6 41. Rxe6 Rf3 42. Kh2 Be5+ 43. Rxe5 Rxe5 44. Kg2 Rf6 45. bxc4 dxc4 46. c3 Re1 47. cxd4 b4 48. d5 Rf5 49. d6 Rd5 50. Ra8+ Kf7 51. Ne3 Rxd6 52. Nxc4 Rd4 53. Ne3 Rxd2 54. Rb8 Rxe3 55. Rxb4 Re6 56. Rb7+ Kg6 57. Rb1 Rf6 58. Rf1 Kh5 59. Kg3 Rg6+ 60. Kf4 Rd4+ 61. Ke5 Rgd6 62. f4 R6d5+ 63. Ke6 Ra5 64. f5 Rb4 65. Kd7 Rb6 66. f6 Ra7+ 67. Ke8 Rb8# 0-1

[Event "Groningen Atlantis op"]
[Site "Groningen"]
[Date "2014.08.30"]
[Round "4"]
[White "Hummel, Paul"]
[Black "Krivonosov, Oleg"]
[Result "0-1"]
[WhiteElo "2026"]
[BlackElo "2442"]
[PlyCount "90"]
[EventDate "2014.08.28"]
[EventType "swiss"]
[EventRounds "7"]
[EventCountry "NED"]
[SourceTitle "CBM 162 Extra"]
[Source "ChessBase"]
[SourceDate "2014.10.17"]
[SourceVersion "1"]
[SourceVersionDate "2014.10.17"]
[SourceQuality "1"]

1. Nf3 d5 2. g3 c6 3. Bg2 Bg4 4. d4 Nd7 5. Nbd2 Ngf6 6. 0-0 e6 7. c4 Bd6 8. b3 Qe7 9. Bb2 0-0 10. Ne5 Bf5 11. f3 Nxe5 12. dxe5 Bc5+ 13. Kh1 Nd7 14. g4 Bg6 15. cxd5 cxd5 16. f4 f5 17. exf6 Nxf6 18. e4 Nxe4 19. Nxe4 Bxe4 20. Bxe4 dxe4 21. Qc2 e3 22. Rac1 b6 23. Qe4 Rad8 24. Rf3 Qd6 25. b4 Bxb4 26. Be5 Qd5 27. Rxe3 Bc5 28. Qxd5 Rxd5 29. Re2 Rfd8 30. Rcc2 Rd1+ 31. Kg2 R8d3 32. h3 Rg1+ 33. Kh2 Rgg3 34. f5 Rxh3+ 35. Kg2 exf5 36. gxf5 Rh5 37. Red2 Rg5+ 38. Kh2 Bg1+ 39. Kh1 Rh3+ 40. Bh2 Rxh2+ 41. Rxh2 Bxh2 42. Rc8+ Kf7 43. Kxh2 Rxf5 44. Rc7+ Kf6 45. Rxa7 Ra5 0-1

[Event "Groningen op-A 51st"]
[Site "Groningen"]
[Date "2013.12.26"]
[Round "5"]
[White "Zojer, Thomas"]
[Black "Hummel, Paul"]
[Result "1/2-1/2"]
[WhiteElo "2117"]
[BlackElo "2011"]
[PlyCount "44"]
[EventDate "2013.12.21"]
[EventType "swiss"]
[EventRounds "9"]
[EventCountry "NED"]
[SourceTitle "CBM 158 Extra"]
[Source "ChessBase"]
[SourceDate "2014.02.28"]
[SourceVersion "1"]
[SourceVersionDate "2014.02.28"]
[SourceQuality "1"]

1. d4 e6 2. c4 Nf6 3. Nc3 Bb4 4. e3 0-0 5. Bd3 Re8 6. Qc2 b6 7. a3 Bf8 8. Nf3 c5 9. Ne4 g6 10. Nxf6+ Qxf6 11. Be4 Nc6 12. Ne5 Bb7 13. Nxd7 Qh4 14. g3 Qd8 15. Nxf8 cxd4 16. Nxe6 Rxe6 17. Bd5 dxe3 18. Bxe3 Nd4 19. Qd3 Bxd5 20. cxd5 Qxd5 21. 0-0-0 Qc6+ 22. Kb1 Nf5 1/2-1/2

[Event "Groningen op-A 51st"]
[Site "Groningen"]
[Date "2013.12.22"]
[Round "2"]
[White "Hummel, Paul"]
[Black "Chernukhin, Alexander"]
[Result "0-1"]
[WhiteElo "2011"]
[BlackElo "2145"]
[PlyCount "216"]
[EventDate "2013.12.21"]
[EventType "swiss"]
[EventRounds "9"]
[EventCountry "NED"]
[SourceTitle "CBM 158 Extra"]
[Source "ChessBase"]
[SourceDate "2014.02.28"]
[SourceVersion "1"]
[SourceVersionDate "2014.02.28"]
[SourceQuality "1"]

1. Nf3 Nf6 2. g3 d5 3. Bg2 c6 4. 0-0 Bf5 5. d4 e6 6. b3 h6 7. c4 Nbd7 8. Bb2 Qc7 9. Nbd2 Bd6 10. Rc1 0-0 11. Ne1 Bh7 12. Nd3 Rac8 13. Nf3 Bxd3 14. Qxd3 Qb8 15. Nd2 Rfd8 16. e4 dxe4 17. Nxe4 Nxe4 18. Qxe4 e5 19. Bh3 exd4 20. Bxd7 Rxd7 21. Qxd4 f6 22. c5 Be5 23. Qxd7 Bxb2 24. Rc2 Be5 25. Rd1 Qc7 26. Qe6+ Kh8 27. f4 Rd8 28. Re1 Qa5 29. Rce2 Qxc5+ 30. Kg2 Bc3 31. Rc1 Qa5 32. Qc4 Bb4 33. Qf7 Kh7 34. Qe6 Kh8 35. Qe4 Qb5 36. Rc4 a5 37. a4 Qb6 38. Qg6 Bf8 39. Qc2 Qc7 40. Rce4 Qf7 41. Qc4 Qd7 42. Qe6 Bb4 43. Qxd7 Rxd7 44. f5 Kg8 45. Kf3 Kf7 46. g4 Bc5 47. Rc2 Bb4 48. Ke3 Rd5 49. Rcc4 Bc5+ 50. Ke2 Kf8 51. Rc3 Bb4 52. Rd3 Rxd3 53. Kxd3 Kf7 54. Re2 Kf8 55. Ke4 Ke8 56. h4 Be7 57. Kd4 Kd7 58. Kc4 Kd8 59. Rd2+ Kc7 60. Re2 Kd8 61. Re6 Kd7 62. Kd4 Kd8 63. Re2 Kd7 64. Ke4 Kd8 65. Rd2+ Kc7 66. Rd1 Kc8 67. g5 fxg5 68. hxg5 Bxg5 69. Ke5 Bf6+ 70. Ke6 h5 71. Rd7 h4 72. Rf7 Kb8 73. Kd6 Ka7 74. Rf8 Kb6 75. Rh8 Bg5 76. Rh5 Bf6 77. Rh7 Ka6 78. Rh8 Kb6 79. Rh7 Ka6 80. Kc5 Be7+ 81. Kc4 Bf6 82. Rh8 Kb6 83. Re8 Ba1 84. Re4 Bf6 85. Rg4 Ka6 86. Re4 Kb6 87. Re6 Ba1 88. b4 axb4 89. Kxb4 Bf6 90. Re8 Kc7 91. a5 Bg5 92. Kc4 Bf6 93. Kc5 Bg5 94. Re2 Bf6 95. Re8 Bg5 96. Rh8 Bf6 97. Ra8 Bd8 98. a6 Be7+ 99. Kc4 bxa6 100. Rxa6 Kd6 101. Ra7 Bf6 102. Ra3 Ke5 103. Ra6 Kxf5 104. Rxc6 h3 105. Kd3 h2 106. Rc1 Kg4 107. Ke2 Kg3 108. Rf1 Bd4 0-1

[Event "Groningen Atlantis op-A"]
[Site "Groningen"]
[Date "2013.08.24"]
[Round "4"]
[White "Klapwijk, Bram"]
[Black "Hummel, Paul"]
[Result "1-0"]
[WhiteElo "2048"]
[BlackElo "2034"]
[PlyCount "71"]
[EventDate "2013.08.22"]
[EventType "swiss"]
[EventRounds "7"]
[EventCountry "NED"]
[SourceTitle "CBM 156 Extra"]
[Source "ChessBase"]
[SourceDate "2013.10.22"]
[SourceVersion "1"]
[SourceVersionDate "2013.10.22"]
[SourceQuality "1"]

1. e4 c5 2. Nf3 Nc6 3. d4 cxd4 4. Nxd4 g6 5. Nc3 Bg7 6. Be3 Nf6 7. Bc4 0-0 8. Bb3 Qa5 9. 0-0 d6 10. h3 Bd7 11. f4 Rac8 12. Nf3 Qh5 13. a3 a6 14. Qd2 Rfd8 15. Bb6 Rf8 16. Rad1 Be8 17. Qe1 Nd7 18. Rd5 e5 19. Be3 Nc5 20. Kh2 Ne6 21. g4 Qh6 22. g5 Qh5 23. Ne2 exf4 24. Bxf4 Ne5 25. Bxe5 Bxe5+ 26. Rxe5 dxe5 27. Ng3 Qxf3 28. Rxf3 Nd4 29. Rc3 Bc6 30. Bd5 Kg7 31. Qf2 f5 32. Bxc6 bxc6 33. exf5 gxf5 34. Rc5 Rce8 35. c3 e4 36. Qxd4+ 1-0